| 000 | 00890nam a2200337Ia 4500 | ||
|---|---|---|---|
| 001 | 29903 | ||
| 005 | 20240114001153.0 | ||
| 007 | ta | ||
| 008 | 060707s g b000 u 465 u | ||
| 040 | _aCotton College,Assam | ||
| 041 | _a465 | ||
| 082 |
_a294 _bM 896 Or |
||
| 100 | _aMuir, J. . | ||
| 245 | 0 |
_aOrigin and History of the People of India: Their Religion and Institutions / _cJ.Muir. _hTextual Documents |
|
| 250 | _a1st ed. / | ||
| 260 |
_aLondon : _bWilliams & Norgate , _cNd. |
||
| 300 |
_a5v.;495p. ; _c22cm. |
||
| 440 | _aSanskrit Texts , | ||
| 490 | _aSanskrit Texts , | ||
| 500 | _aIt has 5 Vol. | ||
| 653 | _aReligion-History | ||
| 653 | _aHistory-Religion-India | ||
| 653 | _aG-Religion | ||
| 942 |
_2ddc _cBK |
||
| 999 |
_c29885 _d29885 |
||